- Morelos, José María,
Entry Nombre Personal
001 - NUMERO DE CONTROL
- campo de control: 45128
003 - IDENTIFICADOR DE NUMERO DE CONTROL
- campo de control: DLC
005 - FECHA Y HORA DE LA ÜLTIMA TRANSACCIÓN
- campo de control: 20240912093306.0
008 - DATOS DE LONGITUD FIJA
- campo de control de longitud fija: 220812n| azannaabn |a aaa
010 ## - NÚMERO DE CONTROL DE LA BIBLIOTECA DEL CONGRESO
- Número de control LC: n 50006200
035 ## - NUMERO DE CONTROL
- Número de control: (OCoLC)oca00041749
040 ## - FUENTE DE CATALOGACIÓN
- Agencia original de catalogación: DLC
- Lenguaje de catalogación: spa
- Description conventions: rda
- Agencia de transcripción: DLC
- Agencia que lo modifica: OCoLC
- Agencia que lo modifica: CSt
- Agencia que lo modifica: MX-MxUPN
046 ## - FECHAS CON CODIFICACIÓN ESPECIAL
- Fecha de nacimiento: 1765
- Fecha de muerte: 1815
100 1# - ENCABEZAMIENTO - NOMBRE PERSONAL
- Nombre personal: Morelos, José María,
- Fechas asociadas con el nombre: 1765-1815
400 1# - VEÁSE - NOMBRE DE PERSONA
- Personal name: Pavón, José María Morelos y,
- Dates associated with a name: 1765-1815
400 1# - VEÁSE - NOMBRE DE PERSONA
- Control subfield: nna
- Personal name: Morelos y Pavón, José María Teclo,
- Dates associated with a name: 1765-1815
400 1# - VEÁSE - NOMBRE DE PERSONA
- Personal name: Morelos y Pavón, José María,
- Dates associated with a name: 1765-1815
670 ## - FUENTE EN LA QUE SE LOCALIZARON DATOS
- Cita de la fuente: La Abispa de Chilpancingo, 1821-22.
670 ## - FUENTE EN LA QUE SE LOCALIZARON DATOS
- Cita de la fuente: Guedea, V. José María Morelos y Pavón, cronología, 1981:
- Información localizada: portada (José María Morelos y Pavón)
902 ## - CATALOGADOR
- Catalogador: NDAF/120822
